[Event "Reykjavik Congress"]
[Site "Reykjavik"]
[Date "2019.01.27"]
[Round "7"]
[White "Helgadottir, Idunn"]
[Black "Vignisson, Ingvar Egill"]
[Result "0-1"]
[WhiteElo "1201"]
[BlackElo "1660"]
[PlyCount "54"]
[EventDate "2019.01.06"]
[EventType "swiss"]
[EventRounds "9"]
[EventCountry "ISL"]
[SourceTitle "CBM 188 Extra"]
[Source "ChessBase"]
[SourceDate "2019.02.28"]
[SourceVersion "1"]
[SourceVersionDate "2019.02.28"]
[SourceQuality "1"]

1. e4 c5 2. c3 Nf6 3. e5 Nd5 4. d4 cxd4 5. Nf3 Nc6 6. cxd4 d6 7. Bc4 Nb6 8. Qb3 Nxc4 9. Qxc4 d5 10. Qc5 e6 11. Qb5 Bd7 12. Qxb7 Rb8 13. Qa6 Nb4 14. Qe2 Bb5 15. Qd2 Nd3+ 16. Kd1 Bb4 17. Nc3 Qa5 18. a3 Bxc3 19. bxc3 Qa4+ 20. Ke2 Nxc1+ 21. Ke3 Nb3 22. Qa2 Nxa1 23. Rxa1 Bc4 24. Qd2 0-0 25. g4 f5 26. gxf5 exf5 27. Rg1 f4# 0-1

[Event "Reykjavik Taflfelag op"]
[Site "Reykjavik"]
[Date "2018.10.17"]
[Round "1"]
[White "Sharifa, Rayan"]
[Black "Vignisson, Ingvar Egill"]
[Result "0-1"]
[WhiteElo "1141"]
[BlackElo "1647"]
[PlyCount "48"]
[EventDate "2018.10.17"]
[EventType "swiss"]
[EventRounds "7"]
[EventCountry "ISL"]
[SourceTitle "CBM 187 Extra"]
[Source "ChessBase"]
[SourceDate "2018.11.04"]
[SourceVersion "1"]
[SourceVersionDate "2018.11.04"]
[SourceQuality "1"]

1. d4 d5 2. c4 c6 3. Nf3 Nf6 4. Nc3 e6 5. Bg5 Nbd7 6. cxd5 exd5 7. Ne5 Bd6 8. Nf3 0-0 9. e3 Re8 10. Bd3 Be7 11. h3 Ne4 12. Bxe7 Qxe7 13. Qc2 Ndf6 14. 0-0 Be6 15. Nxe4 Nxe4 16. Bxe4 dxe4 17. Qxe4 Qd7 18. Qc2 Bf5 19. Qb3 Bxh3 20. Ne5 Rxe5 21. dxe5 Qg4 22. g3 Qf3 23. Qxf7+ Kxf7 24. e6+ Kxe6 0-1

[Event "Reykjavik Icelandic op"]
[Site "Reykjavik"]
[Date "2018.06.06"]
[Round "7"]
[White "Sarkar, Justin"]
[Black "Vignisson, Ingvar Egill"]
[Result "1-0"]
[WhiteElo "2297"]
[BlackElo "1685"]
[PlyCount "55"]
[EventDate "2018.06.01"]
[EventType "swiss"]
[EventRounds "10"]
[EventCountry "ISL"]
[SourceTitle "CBM 184 Extra"]
[Source "ChessBase"]
[SourceDate "2018.06.28"]
[SourceVersion "1"]
[SourceVersionDate "2018.06.28"]
[SourceQuality "1"]

1. e4 c5 2. Nc3 Nc6 3. g3 g6 4. d3 d6 5. Be3 Bg7 6. Qd2 Rb8 7. a4 Nd4 8. a5 b5 9. axb6 Qxb6 10. Rb1 e6 11. Bg2 Nb5 12. Nge2 Nxc3 13. Nxc3 Ne7 14. 0-0 0-0 15. b4 Qc7 16. bxc5 Rxb1 17. Rxb1 dxc5 18. f4 Bd4 19. e5 Qa5 20. Bxd4 cxd4 21. Ne4 Qxd2 22. Nxd2 Rd8 23. Rb8 Rd7 24. Ne4 Rc7 25. Nd6 Rxc2 26. Bb7 Rb2 27. Ra8 Rxb7 28. Nxb7 1-0

[Event "Reykjavik Icelandic op"]
[Site "Reykjavik"]
[Date "2018.06.01"]
[Round "1"]
[White "Vignisson, Ingvar Egill"]
[Black "Ingvason, Johann"]
[Result "0-1"]
[WhiteElo "1685"]
[BlackElo "2164"]
[PlyCount "48"]
[EventDate "2018.06.01"]
[EventType "swiss"]
[EventRounds "10"]
[EventCountry "ISL"]
[SourceTitle "CBM 184 Extra"]
[Source "ChessBase"]
[SourceDate "2018.06.28"]
[SourceVersion "1"]
[SourceVersionDate "2018.06.28"]
[SourceQuality "1"]

1. e4 c5 2. Nf3 e6 3. d4 cxd4 4. Nxd4 a6 5. Bd3 b5 6. 0-0 Bb7 7. Qe2 Qc7 8. Be3 Nf6 9. Nd2 d5 10. f3 Bd6 11. g3 h5 12. a4 b4 13. exd5 Nxd5 14. Bf2 Kf8 15. a5 h4 16. f4 hxg3 17. Bxg3 Bc5 18. N2b3 Nc6 19. Bf2 Bxd4 20. Bxd4 Nxf4 21. Qe3 Nh3+ 22. Kh1 Nxd4+ 23. Be4 Ng5 24. Qf4 Bxe4+ 0-1

[Event "Reykjavik op"]
[Site "Reykjavik"]
[Date "2018.03.13"]
[Round "8"]
[White "Vignisson, Ingvar Egill"]
[Black "Thorsteinsdottir, Hallgerdur"]
[Result "1/2-1/2"]
[WhiteElo "1656"]
[BlackElo "2041"]
[PlyCount "142"]
[EventDate "2018.03.06"]
[EventType "swiss"]
[EventRounds "9"]
[EventCountry "ISL"]
[SourceTitle "CBM 183 Extra"]
[Source "ChessBase"]
[SourceDate "2018.04.19"]
[SourceVersion "1"]
[SourceVersionDate "2018.04.19"]
[SourceQuality "1"]

1. e4 c6 2. d4 d5 3. Nc3 dxe4 4. Nxe4 Nd7 5. Nf3 Ngf6 6. Nxf6+ Nxf6 7. Bg5 Bg4 8. Be2 e6 9. 0-0 Be7 10. c3 0-0 11. Ne5 Bxe2 12. Qxe2 h6 13. Bxf6 Bxf6 14. Rfe1 Qd5 15. Qe4 Rfd8 16. Qxd5 cxd5 17. Nd3 a5 18. a4 Rab8 19. Ra2 Kf8 20. Kf1 Ke7 21. f4 g6 22. Kf2 Rdc8 23. Kf3 h5 24. f5 Bg5 25. fxe6 fxe6 26. g3 Rf8+ 27. Kg2 Rf6 28. Re2 h4 29. Ra1 Rh8 30. h3 hxg3 31. Kxg3 Bh4+ 32. Kg2 Rhf8 33. Ne5 Rf2+ 34. Rxf2 Rxf2+ 35. Kg1 Rf6 36. Rf1 Rxf1+ 37. Kxf1 Kf6 38. b4 axb4 39. cxb4 Bg3 40. Nd7+ Ke7 41. Nc5 b6 42. Nd3 Bc7 43. Ke2 Kf6 44. Kf3 Kf5 45. Ne1 Kg5 46. Nc2 Bd6 47. a5 bxa5 48. bxa5 Bc7 49. a6 Bb6 50. Nb4 Bxd4 51. Nc6 Bc5 52. a7 Bxa7 53. Nxa7 Kh4 54. Kg2 g5 55. Nc6 g4 56. hxg4 Kxg4 57. Kf2 Kf4 58. Ke2 Ke4 59. Kd2 d4 60. Nd8 e5 61. Nc6 Kd5 62. Nxe5 Kxe5 63. Kd3 Kd5 64. Kd2 Kc4 65. Kc2 d3+ 66. Kd2 Kd4 67. Kd1 Ke4 68. Kd2 Kd4 69. Kd1 Kc3 70. Kc1 d2+ 71. Kd1 Kd3 1/2-1/2

[Event "Reykjavik op"]
[Site "Reykjavik"]
[Date "2018.03.10"]
[Round "9"]
[White "Mortensen, Rogvi"]
[Black "Vignisson, Ingvar Egill"]
[Result "1-0"]
[WhiteElo "2018"]
[BlackElo "1656"]
[PlyCount "109"]
[EventDate "2018.03.06"]
[EventType "swiss"]
[EventRounds "9"]
[EventCountry "ISL"]
[SourceTitle "EXT 2019"]
[Source "ChessBase"]
[SourceDate "2018.10.10"]
[SourceVersion "1"]
[SourceVersionDate "2018.10.10"]
[SourceQuality "1"]

1. d4 d5 2. c4 c6 3. Nf3 Nf6 4. Nc3 e6 5. e3 Nbd7 6. Qc2 Bd6 7. Bd3 dxc4 8. Bxc4 b5 9. Be2 Bb7 10. e4 e5 11. 0-0 0-0 12. Rd1 Qc7 13. g3 a6 14. dxe5 Nxe5 15. Nxe5 Bxe5 16. f4 Qb6+ 17. Kf1 Bd4 18. Bf3 c5 19. Ne2 Rfe8 20. Nxd4 cxd4 21. Re1 Rac8 22. Qd3 b4 23. e5 Nd5 24. Bd2 a5 25. Kg2 Qc6 26. Rac1 Ne3+ 27. Rxe3 dxe3 28. Rxc6 Bxc6 29. Bxe3 Ba4 30. Be4 Rc2+ 31. Qxc2 Bxc2 32. Bxc2 Rc8 33. Bb3 g6 34. e6 Kf8 35. exf7 a4 36. Bxa4 Kxf7 37. Kf3 h5 38. Ke4 Ke6 39. Bb3+ Kd6 40. Bf7 Rc2 41. Bd4 Re2+ 42. Kd3 Rxh2 43. Bxg6 Rh3 44. Kc4 b3 45. axb3 Rxg3 46. Bxh5 Rh3 47. Be2 Rh2 48. Bd3 Rh1 49. f5 Rh3 50. f6 Rf3 51. Be4 Rf4 52. Bd5 Rf1 53. f7 Rc1+ 54. Bc3 Rf1 55. f8Q+ 1-0

[Event "Reykjavik op"]
[Site "Reykjavik"]
[Date "2017.04.20"]
[Round "2"]
[White "Runarsson, Gunnar Freyr"]
[Black "Vignisson, Ingvar Egill"]
[Result "1-0"]
[WhiteElo "2006"]
[BlackElo "1693"]
[PlyCount "117"]
[EventDate "2017.04.19"]
[EventType "swiss"]
[EventRounds "10"]
[EventCountry "ISL"]
[SourceTitle "CBM 178 Extra"]
[Source "ChessBase"]
[SourceDate "2017.06.22"]
[SourceVersion "1"]
[SourceVersionDate "2017.06.22"]
[SourceQuality "1"]

1. Nf3 Nf6 2. c4 e6 3. Nc3 d5 4. d4 c6 5. e3 Nbd7 6. Bd3 dxc4 7. Bxc4 b5 8. Bd3 a6 9. 0-0 Bb7 10. e4 c5 11. e5 cxd4 12. Nxb5 axb5 13. exf6 Qxf6 14. Ng5 Bd6 15. Bxb5 Bxh2+ 16. Kh1 Qh6 17. Nxf7 Qh3 18. f3 Qh5 19. f4 Qh4 20. Bxd7+ Kxf7 21. Bxe6+ Kxe6 22. Qe1+ Qxe1 23. Rxe1+ Kd5 24. Kxh2 Rhe8 25. Bd2 Rxe1 26. Bxe1 Kc4 27. Rc1+ Kd3 28. Rc7 Be4 29. a3 Ke2 30. Re7 Ke3 31. Kg3 Rd8 32. a4 Kd3 33. a5 Bd5 34. a6 Kc2 35. b4 d3 36. b5 Rb8 37. Rc7+ Kd1 38. Rc5 Be4 39. Bc3 g6 40. a7 Rd8 41. Ba5 Rf8 42. Re5 Ba8 43. b6 Rd8 44. Re7 Rd5 45. Re8 Bb7 46. Rb8 Bc6 47. a8Q Bxa8 48. Rxa8 Rb5 49. Kf3 d2 50. Bxd2 Kxd2 51. Rb8 Ke1 52. g4 Rb3+ 53. Ke4 Rb4+ 54. Ke5 Kf2 55. f5 gxf5 56. gxf5 Kf3 57. f6 h5 58. f7 Re4+ 59. Kd5 1-0

[Event "Reykjavik op"]
[Site "Reykjavik"]
[Date "2017.04.20"]
[Round "3"]
[White "Vignisson, Ingvar Egill"]
[Black "Hjaltason, Magnus"]
[Result "1-0"]
[WhiteElo "1693"]
[BlackElo "1205"]
[PlyCount "133"]
[EventDate "2017.04.19"]
[EventType "swiss"]
[EventRounds "10"]
[EventCountry "ISL"]
[SourceTitle "CBM 178 Extra"]
[Source "ChessBase"]
[SourceDate "2017.06.22"]
[SourceVersion "1"]
[SourceVersionDate "2017.06.22"]
[SourceQuality "1"]

1. e4 e5 2. Nf3 Nc6 3. Bb5 a6 4. Ba4 Nf6 5. 0-0 b5 6. Bb3 d6 7. c3 Be7 8. h3 0-0 9. d3 Nb8 10. a4 c6 11. Be3 Be6 12. Nbd2 Nbd7 13. Bxe6 fxe6 14. Ng5 Nd5 15. Nxe6 Nxe3 16. fxe3 Rxf1+ 17. Qxf1 Qb6 18. Qe2 Nc5 19. Qg4 Nxe6 20. Qxe6+ Kh8 21. Qxe7 Qxe3+ 22. Kh2 Qxd2 23. Rf1 h6 24. Qxd6 Qxb2 25. Qxc6 Rd8 26. Qxa6 bxa4 27. Qxa4 Qxc3 28. Qb5 Qxd3 29. Qxd3 Rxd3 30. Rf8+ Kh7 31. Re8 Kg6 32. Rxe5 Re3 33. g3 Kf6 34. Rf5+ Ke6 35. Rf4 Ke5 36. Rf7 g6 37. Re7+ Kf6 38. Re8 Kf7 39. Ra8 Rxe4 40. Kg2 Rb4 41. h4 Rb2+ 42. Kh3 Rb4 43. Ra3 h5 44. Kg2 Kf6 45. Kf3 Rb5 46. Ra4 g5 47. Ke4 g4 48. Ra6+ Kg7 49. Re6 Rb4+ 50. Kf5 Rb5+ 51. Re5 Rb8 52. Kg5 Rh8 53. Re7+ Kf8 54. Ra7 Kg8 55. Ra8+ Kg7 56. Rxh8 Kxh8 57. Kxh5 Kh7 58. Kxg4 Kg6 59. h5+ Kh7 60. Kg5 Kg7 61. g4 Kh8 62. Kh6 Kg8 63. g5 Kh8 64. Kg6 Kg8 65. Kf6 Kh8 66. Kf7 Kh7 67. g6+ 1-0

[Event "Gardabaer op"]
[Site "Gardabaer"]
[Date "2015.12.07"]
[Round "7"]
[White "Vignisson, Ingvar Egill"]
[Black "Schioth, Tjorvi"]
[Result "0-1"]
[WhiteElo "1549"]
[BlackElo "1729"]
[PlyCount "90"]
[EventDate "2015.10.26"]
[EventType "swiss"]
[EventRounds "7"]
[EventCountry "ISL"]
[SourceTitle "EXT 2019"]
[Source "ChessBase"]
[SourceDate "2018.10.10"]
[SourceVersion "1"]
[SourceVersionDate "2018.10.10"]
[SourceQuality "1"]

1. e4 c5 2. Nf3 d6 3. d4 cxd4 4. Nxd4 Nf6 5. Nc3 a6 6. Be3 e6 7. f3 b5 8. g4 Nfd7 9. Qd2 Nb6 10. a3 N8d7 11. Nb3 Ne5 12. 0-0-0 Nbc4 13. Bxc4 Nxc4 14. Qf2 Qc7 15. Qe1 Bd7 16. Nb1 Rc8 17. Na1 a5 18. f4 b4 19. Bd2 bxa3 20. Nxa3 Nxa3 21. bxa3 d5 22. Qe3 Ba4 23. Kb2 Bc5 24. Qc3 0-0 25. Nb3 Bxb3 26. cxb3 dxe4 27. Qe5 Qe7 28. Qxe4 Bxa3+ 29. Ka2 Bb4 30. Bxb4 axb4 31. Kb2 Qa7 32. Ra1 Qf2+ 33. Kb1 Rc3 34. Ra2 Rxb3+ 35. Ka1 Ra3 36. Rxa3 bxa3 37. Qb4 Qf3 38. Rc1 h6 39. Rc3 Qd1+ 40. Ka2 Qd2+ 41. Ka1 Qxh2 42. Rxa3 Rd8 43. Rb3 Qe2 44. f5 Rd2 45. Rc3 Rd1+ 0-1

[Event "Gardabaer op"]
[Site "Gardabaer"]
[Date "2015.11.05"]
[Round "3"]
[White "Baldvinsson, Loftur"]
[Black "Vignisson, Ingvar Egill"]
[Result "1-0"]
[WhiteElo "1988"]
[BlackElo "1549"]
[PlyCount "57"]
[EventDate "2015.10.26"]
[EventType "swiss"]
[EventRounds "7"]
[EventCountry "ISL"]
[SourceTitle "EXT 2017"]
[Source "ChessBase"]
[SourceDate "2016.10.25"]
[SourceVersion "1"]
[SourceVersionDate "2016.10.25"]
[SourceQuality "1"]

1. e4 c5 2. Nf3 d6 3. d4 cxd4 4. Nxd4 Nf6 5. Nc3 a6 6. Bc4 b5 7. Bb3 Bb7 8. Qe2 b4 9. Nd5 e6 10. Nxb4 Qb6 11. c3 Bxe4 12. Ba4+ Nbd7 13. Bg5 d5 14. Nbc6 Nc5 15. Bb3 Be7 16. Nxe7 Kxe7 17. Rd1 Nxb3 18. axb3 h6 19. Be3 Qc7 20. 0-0 h5 21. f3 Bg6 22. Ra1 Qd6 23. Ra5 Nd7 24. Rfa1 Ne5 25. Nf5+ Bxf5 26. Bc5 Qxc5+ 27. Rxc5 Kd6 28. Rxa6+ Kxc5 29. b4# 1-0

[Event "Reykjavik op"]
[Site "Reykjavik"]
[Date "2013.02.26"]
[Round "9"]
[White "Ohlsson, Mikael"]
[Black "Vignisson, Ingvar Egill"]
[Result "1-0"]
[WhiteElo "1811"]
[BlackElo "1542"]
[PlyCount "121"]
[EventDate "2013.02.19"]
[EventType "swiss"]
[EventRounds "10"]
[EventCountry "ISL"]
[SourceTitle "CBM 153 Extra"]
[Source "ChessBase"]
[SourceDate "2013.04.22"]
[SourceVersion "1"]
[SourceVersionDate "2013.04.22"]
[SourceQuality "1"]

1. c4 Nf6 2. g3 g6 3. Bg2 Bg7 4. Nc3 c5 5. a3 Nc6 6. Nh3 d6 7. Nf4 Rb8 8. 0-0 0-0 9. Rb1 e6 10. b4 e5 11. Nd3 cxb4 12. Nxb4 Nxb4 13. Rxb4 b6 14. Qa4 a5 15. Rb1 Bb7 16. Qb3 Bxg2 17. Kxg2 Nd7 18. Nd5 Nc5 19. Qc2 a4 20. Rb4 f5 21. f4 exf4 22. Rxf4 Be5 23. Rf3 f4 24. d4 Bxd4 25. Rxf4 Rxf4 26. Bxf4 g5 27. Qd2 Nb3 28. Rxb3 axb3 29. Bxg5 b2 30. Bxd8 b1Q 31. Qxd4 Rxd8 32. Qg4+ Kh8 33. Qd4+ Kg8 34. Nf4 Qf5 35. Qxb6 Qe4+ 36. Kf2 Qe7 37. Qd4 Kf7 38. Qd5+ Kf6 39. h4 Qe5 40. Qxe5+ Kxe5 41. Ke3 Ra8 42. g4 Rxa3+ 43. Nd3+ Ke6 44. Kd4 Ra5 45. Nf4+ Kf6 46. Nd5+ Ke6 47. Nf4+ Kf6 48. e3 h6 49. Nd5+ Kg6 50. Nc7 Kf6 51. Nb5 Ke6 52. g5 h5 53. Nc7+ Kf5 54. Nd5 Kg4 55. g6 Ra7 56. Nf4 Kxh4 57. Kd5 Kg4 58. Kxd6 Kf3 59. c5 Kxe3 60. Nxh5 Ke4 61. g7 1-0

[Event "Reykjavik op"]
[Site "Reykjavik"]
[Date "2013.02.20"]
[Round "3"]
[White "Vignisson, Ingvar Egill"]
[Black "Finnbogadottir, Tinna Kristin"]
[Result "0-1"]
[WhiteElo "1542"]
[BlackElo "1871"]
[PlyCount "124"]
[EventDate "2013.02.19"]
[EventType "swiss"]
[EventRounds "10"]
[EventCountry "ISL"]
[SourceTitle "CBM 153 Extra"]
[Source "ChessBase"]
[SourceDate "2013.04.22"]
[SourceVersion "1"]
[SourceVersionDate "2013.04.22"]
[SourceQuality "1"]

1. e4 c5 2. c4 Nc6 3. Nc3 g6 4. g3 Bg7 5. Bg2 d6 6. Nge2 Nf6 7. d3 Bd7 8. 0-0 Qc8 9. Rb1 Bh3 10. Nd5 Bxg2 11. Nxf6+ Bxf6 12. Kxg2 h5 13. h3 g5 14. Be3 Ne5 15. d4 cxd4 16. Qa4+ Kf8 17. Bxd4 Qxc4 18. Qxc4 Nxc4 19. Bxf6 exf6 20. Rfd1 Rd8 21. b3 Nb6 22. Nc3 Kg7 23. Nb5 d5 24. exd5 Nxd5 25. Nxa7 Nc3 26. Rxd8 Rxd8 27. Rb2 Ra8 28. Rc2 Nd5 29. Nb5 Nb4 30. Rc7 Rxa2 31. Nd6 Nd3 32. Rxf7+ Kg6 33. Rxb7 Rxf2+ 34. Kg1 Rb2 35. Rb8 Nc5 36. b4 Na6 37. Rg8+ Kh7 38. Rf8 Kg7 39. Rf7+ Kg6 40. b5 Rxb5 41. Rxf6+ Kxf6 42. Nxb5 Ke5 43. Nc3 Kd4 44. Nd1 Ke4 45. Kg2 Nc7 46. Nf2+ Ke3 47. Nd1+ Kd2 48. Nf2 Ke2 49. Ne4 Ne6 50. Nc3+ Kd3 51. Nd1 Kd2 52. Nf2 Ke2 53. Ne4 Ke3 54. Nf2 Nc5 55. Nd1+ Kd2 56. Nf2 Ke2 57. g4 h4 58. Kg1 Kf3 59. Nh1 Ne4 60. Kh2 Nf2 61. Ng3 hxg3+ 62. Kg1 Nxh3+ 0-1

[Event "Reykjavik op"]
[Site "Reykjavik"]
[Date "2012.03.09"]
[Round "4"]
[White "Vignisson, Ingvar Egill"]
[Black "Eriksen, Magnus"]
[Result "0-1"]
[WhiteElo "1558"]
[BlackElo "2108"]
[PlyCount "56"]
[EventDate "2012.03.06"]
[EventType "swiss"]
[EventRounds "9"]
[EventCountry "ISL"]
[SourceTitle "CBM 147 Extra"]
[Source "ChessBase"]
[SourceDate "2012.04.24"]
[SourceVersion "1"]
[SourceVersionDate "2012.04.24"]
[SourceQuality "1"]

1. d4 Nf6 2. c4 g6 3. Nc3 d5 4. cxd5 Nxd5 5. e4 Nxc3 6. bxc3 Bg7 7. Bc4 c5 8. Ne2 0-0 9. 0-0 Nc6 10. Be3 Bg4 11. f3 Bd7 12. Rb1 Qc7 13. Qd2 Rad8 14. Rfc1 Bc8 15. d5 e6 16. f4 Na5 17. Qd3 Nxc4 18. Qxc4 b6 19. Rd1 exd5 20. exd5 Rfe8 21. Bd4 Bg4 22. Be5 Bxe2 23. Bxc7 Bxc4 24. Bxd8 Rxd8 25. d6 Be6 26. Rbc1 Bf8 27. d7 Rxd7 28. Rxd7 Bxd7 0-1

[Event "Reykjavik-ch"]
[Site "Reykjavik"]
[Date "2012.01.20"]
[Round "6"]
[White "Eliasson, Kristjan Orn"]
[Black "Vignisson, Ingvar Egill"]
[Result "1-0"]
[WhiteElo "1858"]
[BlackElo "1558"]
[PlyCount "111"]
[EventDate "2012.01.08"]
[EventType "swiss"]
[EventRounds "9"]
[EventCountry "ISL"]
[SourceTitle "EXT 2014"]
[Source "ChessBase"]
[SourceDate "2013.11.20"]
[SourceVersion "1"]
[SourceVersionDate "2013.11.20"]
[SourceQuality "1"]

1. e4 c5 2. Nf3 e6 3. d4 cxd4 4. Nxd4 a6 5. Bd3 Qc7 6. Be3 Nf6 7. Nd2 Nc6 8. Nxc6 bxc6 9. 0-0 Bd6 10. f4 e5 11. f5 0-0 12. g4 h6 13. g5 hxg5 14. Bxg5 Qb6+ 15. Kh1 Be7 16. Nc4 Qc7 17. Rg1 d5 18. Bxf6 Bxf6 19. Nd2 Rd8 20. Qh5 Kf8 21. Rg3 Bb7 22. Rag1 Ke7 23. h3 Rh8 24. Qe2 c5 25. b3 Rh4 26. Qf3 Rf4 27. Qe2 Qa5 28. c4 d4 29. Nf3 Qc3 30. Kh2 a5 31. a4 Rb8 32. Nd2 Bh4 33. R3g2 Rf2 34. Rxf2 Bxf2 35. Rxg7 Be3 36. Nf1 Bf4+ 37. Kg1 Rh8 38. Kg2 Kf6 39. Rg4 Qxb3 40. Ng3 Qxa4 41. Kh2 Qe8 42. Qb2 Qa4 43. Qb6+ Qc6 44. Qb1 Qa4 45. Qb6+ Qc6 46. Qb1 a4 47. Kg2 a3 48. Ne2 Bd2 49. Qc2 Bb4 50. Qc1 Ke7 51. Qc2 Qh6 52. Rg3 Qd2 53. Qa4 Ra8 54. Qb5 Ba6 55. Qb6 a2 56. f6+ 1-0